Herczeg Ferenc: A gótikus ház. Bp.
Elmentve itt :
| Szerző: | |
|---|---|
| Adatforrás: | Philobibl |
| Forrásdokumentuma: | Pannonia 1939. 5. évf., 409-410. p. |
| Dokumentumtípus: | Cikk |
| Nyelv: | magyar |
| LEADER | 00354nab a2200109 c 4500 | ||
|---|---|---|---|
| 001 | bibDOK00016209 | ||
| 005 | 20200924121050.6 | ||
| 008 | 060518s1939 hu hun | ||
| 100 | 2 | |a Halasy-Nagy József | |
| 245 | 1 | 0 | |a Herczeg Ferenc: A gótikus ház. Bp. |c Halasy-Nagy József |
| 500 | |a aláírás: Simon Péter. Ismertetés. | ||
| 773 | 0 | |t Pannonia |g 1939. 5. évf., 409-410. p. | |